| 000 | 00418nam a22001697a 4500 | ||
|---|---|---|---|
| 005 | 20260407112153.0 | ||
| 008 | 260407b |||||||| |||| 00| 0 eng d | ||
| 020 | _a19-7-2002-1000 | ||
| 082 |
_a332.0415 _bNAT-C |
||
| 100 | _aNational Saving | ||
| 245 | _aNational Savings Hand Book | ||
| 260 |
_aPakistan _bUnshakable Trust _c2002 |
||
| 300 | _aix, 306 p. | ||
| 490 | _vII | ||
| 650 | _aEconomics | ||
| 942 | _cBK | ||
| 999 |
_c47224 _d47224 |
||